Introduction to experimental statistics
Gorde:
| Egile nagusia: | |
|---|---|
| Formatua: | Liburua |
| Hizkuntza: | ingelesa |
| Argitaratua: |
Nueva York
McGraw-Hill
1964
|
| Saila: | McGraw-Hill series in probability and statistics
|
| Gaiak: | |
| Etiketak: |
Etiketa erantsi
Etiketarik gabe, Izan zaitez lehena erregistro honi etiketa jartzen!
|
MARC
| LEADER | 00000nam a2200000 a 4500 | ||
|---|---|---|---|
| 001 | UCX9861 | ||
| 003 | CL-VaPUC | ||
| 008 | 940630e19640000US |||||||||||||||||eng|d | ||
| 082 | 0 | 4 | |a 519.53 |b CHI |2 21 |
| 100 | |a Li, Ching Chun |e author |9 423190 | ||
| 245 | 1 | 0 | |a Introduction to experimental statistics |
| 300 | |a 460 p | ||
| 942 | |c BK | ||
| 945 | |d 19940630 00:00:00 |a mfernand | ||
| 260 | |a Nueva York |b McGraw-Hill |c 1964 | ||
| 650 | 0 | |a Biometría |9 262306 | |
| 650 | 0 | |a Estadística matemática |9 260028 | |
| 583 | |a last modification |c 19940630 00:00:00 |k Rodrigo Vera | ||
| 490 | 0 | |a McGraw-Hill series in probability and statistics | |
| 999 | |c 228988 |d 228986 | ||